000
00205 a2200097 4500
001
19359
100
_a
Lange, F H
245
_a
Correlation Techniques
260
_a
_b
Iliffe Book
_c
090
_c
14214
_d
14214
942
_a
NUST-CAE
_c
M
_c
4686
999
_c
254432
_d
254432